Наша деревня (Запись № 10638938)
[ простой вид ]
| 000 -МАРКЕР | |
|---|---|
| контрольное поле | 01217nas1a2200325 i 4500 |
| 001 - ИДЕНТИФИКАТОР ЗАПИСИ | |
| контрольное поле | RU\NLR\DRGNLR\2988 |
| 005 - ИДЕНТИФИКАТОР ВЕРСИИ | |
| контрольное поле | 20240725031144.0 |
| 035 ## - ДРУГИЕ СИСТЕМНЫЕ НОМЕРА | |
| Идентификатор записи | (NLR Aleph) 010311560 |
| 100 ## - ДАННЫЕ ОБЩЕЙ ОБРАБОТКИ | |
| Данные общей обработки | 20080514b19171919u y0rusy50 ca |
| 101 0# - ЯЗЫК РЕСУРСА | |
| Язык текста, звукозаписи и т.д. | русский |
| 102 ## - СТРАНА ПУБЛИКАЦИИ ИЛИ ПРОИЗВОДСТВА | |
| Страна публикации | Российская Федерация |
| 110 ## - ПОЛЕ КОДИРОВАННЫХ ДАННЫХ: ПРОДОЛЖАЮЩИЕСЯ РЕСУРСЫ | |
| Кодированные данные продолжающегося ресурса | cca|||||||| |
| 200 1# - ЗАГЛАВИЕ И СВЕДЕНИЯ ОБ ОТВЕТСТВЕННОСТИ | |
| Основное заглавие | Наша деревня |
| Сведения, относящиеся к заглавию | Газ. еженед., доступ. для всех |
| Первые сведения об ответственности | Ред. А. И. Иванов |
| 207 #1 - ОБЛАСТЬ СПЕЦИФИЧЕСКИХ СВЕДЕНИЙ: НУМЕРАЦИЯ ПРОДОЛЖАЮЩИХСЯ РЕСУРСОВ | |
| Нумерация: даты и обозначения томов | 1917, 25 мая - 1919, [?] |
| 210 ## - ПУБЛИКАЦИЯ, РАСПРОСТРАНЕНИЕ И ДР. | |
| Место издания, распространения и т.д. | Иркутск |
| Имя издателя, распространителя и т. д. | Союз кооперативов |
| Дата издания, распространения и т.д. | 1917 - 1919 |
| 311 ## - ПРИМЕЧАНИЯ, ОТНОСЯЩИЕСЯ К ПОЛЯМ СВЯЗИ (ПРИМЕЧАНИЯ О СВЯЗИ С ДРУГИМИ ПРОИЗВЕДЕНИЯМИ (ИЗДАНИЯМИ)) | |
| Текст примечания | Изд. вместо журн. "Иркутский кооператор" |
| 430 #0 - ПРОДОЛЖЕН | |
| Автор | Иркутский кооператор |
| Встроенное поле | 2001 |
| 540 1# - ДОПОЛНИТЕЛЬНОЕ ЗАГЛАВИЕ, ПРИМЕНЯЕМОЕ КАТАЛОГИЗАТОРОМ | |
| Заглавие | Наша деревня |
| 702 #1 - ИМЯ ЛИЦА - ВТОРИЧНАЯ ОТВЕТСТВЕННОСТЬ | |
| Начальный элемент ввода | Иванов |
| Часть имени, кроме начального элемента ввода | А. И. |
| Код отношения | Редактор |
| 710 02 - НАИМЕНОВАНИЕ ОРГАНИЗАЦИИ - ПЕРВИЧНАЯ ОТВЕТСТВЕННОСТЬ | |
| Начальный элемент ввода | Иркутский Союз кооперативов |
| 801 #0 - ИСТОЧНИК ЗАПИСИ | |
| Страна | Российская Федерация |
| Организация | NLR |
| Дата составления | 20080514 |
| Правила каталогизации | PSBO |
| Источник данных | gzdor_isis |
| 801 #2 - ИСТОЧНИК ЗАПИСИ | |
| Страна | Российская Федерация |
| Организация | NLR |
| Дата составления | 20080514 |
| Правила каталогизации | PSBO |
| Источник данных | rusmarc |
| 852 ## - МЕСТОНАХОЖДЕНИЕ И ШИФР ХРАНЕНИЯ | |
| Идентификатор организации | NLR |
| Шифр хранения (Call Number) | Р2/1112 |
| 942 ## - ДОПОЛНИТЕЛЬНЫЕ ЭЛЕМЕНТЫ ЗАПИСИ (АБИС) | |
| Тип экземпляра АБИС | Газета |
| 980 ## - КОЛЛЕКЦИЯ | |
| Название коллекции | Газеты России (1703 - 1917) |
Нет доступных экземпляров.